| 000 | 00899cam a22002415a 4500 | ||
|---|---|---|---|
| 001 | L138196 | ||
| 008 | 070521s2007 xxk f 000 0 eng d | ||
| 020 | _a9781904829539 | ||
| 035 | _a(Sirsi) u138196 | ||
| 041 | 0 | _aeng | |
| 050 | 0 | 4 | _a690.24 $2 18 |
| 110 | 2 |
_aBuilding Maintenance Information _93229 |
|
| 245 | 0 | 4 | _aThe economic significance of maintenance |
| 260 |
_aLondon _bBCIS _c2007 |
||
| 300 |
_a13p. _c30cm. |
||
| 490 | 0 |
_aBMI Special Report _v358 |
|
| 520 | _aAims to estimate the annual national expenditure on maintenance work on a consistent basis and to compare the results with the value of the stock to be maintained and the general level of national expenditure. | ||
| 520 | _aUpdates BMI Special Report 348 (E132862). | ||
| 590 | _aKA | ||
| 651 | 4 | _aUNITED KINGDOM | |
| 690 | _aBUILT ENVIRONMENT-BUILDING MAINTENANCE AND REFURBISHMENT-MAINTENANCE COSTS | ||
| 942 | _n0 | ||
| 999 |
_c107053 _d107053 |
||